00740 2200265 4500001002100000005001700021008004100038035002400079082001200103090002200115100001800137245009800155250001100253260002200264300002400286500002600310650003700336700002200373850001500395980001300410985000600423999001500429999001500444999001500459YOGYA-0209000003425620090227024855.0 ind  0010-020900000034256 a621.388 a621.388bAsi MlT aASI, Sunggono aMerakit sendiri perangkat tambahan untuk televisi - video - proyektorcSunggono, Asi, K Amien aCet. 1 aSolobAnekac1993 a91 hlmbilusc21 cm aBibliografi : hlm. 81 aTelevisi - Alat dan perlengkapan aSunarto, K. Amien aYOPDYOG(B) a18-10-06 a3 a96P0077601 a96P0077602 a96P0077603